El adolescente en Chile: características y problemas
Guardat en:
| Autors principals: | , |
|---|---|
| Format: | Llibre |
| Idioma: | espanyol |
| Publicat: |
Santiago
CPU
1981
|
| Matèries: | |
| Etiquetes: |
Afegir etiqueta
Sense etiquetes, Sigues el primer a etiquetar aquest registre!
|
MARC
| LEADER | 00000nam a2200000 a 4500 | ||
|---|---|---|---|
| 001 | UCY3782 | ||
| 003 | CL-VaPUC | ||
| 005 | 20210619001436.0 | ||
| 008 | 950118e19810000cl 1 spa d | ||
| 082 | 0 | 4 | |a 362.7 |b BOB |2 21 |
| 100 | 1 | |a Bobadilla L., Eduardo |e author |9 617157 | |
| 700 | 1 | |a Florenzano Urzúa, Ramón |e author |9 617158 | |
| 245 | 1 | 3 | |a El adolescente en Chile: características y problemas |
| 260 | |a Santiago |b CPU |c 1981 | ||
| 300 | |a 196 p | ||
| 583 | |a last modification |c 19950118 00:00:00 |k Rodrigo Vera | ||
| 650 | 0 | 0 | |a Psicología del adolescente |9 307864 |
| 650 | 0 | 0 | |a Adolescencia |9 307361 |
| 650 | 0 | 0 | |a Educación sexual |9 308005 |
| 650 | 0 | 7 | |a TRABAJO SOCIAL CON JOVENES |2 CL-VaPUC |9 616716 |
| 650 | 0 | 7 | |a JUV |9 606541ENTUD ASPECTOS SOCIALES |2 CL-VaPUC |
| 942 | |c BK | ||
| 945 | |a rbrito |d 19950118 00:00:00 | ||
| 546 | |a En Español | ||
| 518 | |p Seminario sobre el adolescente en la sociedad actual: un enfoque multidisciplinario, Santiago, 1979 | ||
| 999 | |c 382350 |d 382348 | ||
| 952 | |0 0 |1 0 |4 0 |6 362_700000000000000_BOB_1981 |7 0 |8 P |9 503984 |a BIBEDU |b BIBEDU |c BIBEDU_PB |d 2020-01-23 |i 3052354 |o 362.7 BOB 1981 |p 3052354 |r 2024-01-25 |w 2020-01-23 |y BK |k EDU | ||
| 952 | |0 0 |1 0 |4 0 |6 362_700000000000000_BOB_1981 |7 0 |8 A |9 503985 |a BIBGIM |b BIBGIM |d 2020-01-23 |i 3371808 |o 362.7 BOB 1981 |p 3371808 |r 2025-01-15 |w 2020-01-23 |y BK |k GIM | ||
| 952 | |0 0 |1 0 |4 0 |6 362_700000000000000_BOB_1981 |7 0 |8 A |9 503986 |a BIBHIS |b BIBHIS |d 2020-01-23 |i 1208632 |o 362.7 BOB 1981 |p 1208632 |r 2025-01-20 |w 2020-01-23 |y BK |k HIS | ||